Statistics for Guess the Manchester City player 3

Click here to take the quiz!

General Stats

  • This quiz has been taken 31 times
  • The average score is 14 of 20

Answer Stats

Answer% Correct
Ederson
100%
Kalvin Phillips
100%
Nathan Aké
100%
Riyad Mahrez
100%
João Cancelo
92%
Mario Balotelli
92%
Alfie Haaland
88%
James Milner
88%
Nicolás Otamendi
81%
Edin Džeko
77%
Scott Carson
77%
Claudio Bravo
69%
Brahim Díaz
58%
Eric García
50%
Micah Richards
50%
Shay Given
46%
Joleon Lescott
42%
Martín Demichelis
35%
Gareth Barry
31%
Shaun Wright-Phillips
23%

Score Distribution

Percentile by Number Answered

Percent of People with Each Score

Your Score History

You have not taken this quiz